Airports and airfields in Switzerland - Statistics

General Stats
  • This quiz has been taken 50 times
    49 since last reset
  • The average score is 18 of 60
Answers on the Map
Answers color-coded by a green-red scale on the quiz's map according to % correct below.
 
Answer Stats
Answer % Correct
LSZH - Zürich-Kloten
97%
LSMB/LSZB - Bern-Belp
88%
LFSB - Basel-Mulhouse
85%
LSGG - Genf
85%
LSZA - Lugano-Agno
82%
LSGL - Lausanne-La Blécherette
76%
LSZR - St. Gallen-Altenrhein
65%
LSGS - Sion
62%
LSMO/LSZL - Locarno
56%
LSZO - Luzern-Beromünster
56%
LSZW - Thun
56%
LSPH - Winterthur
53%
LSPF - Schaffhausen
50%
LSGN - Neuchâtel
47%
LSZP - Biel-Kappelen
47%
LSMP - Payerne
41%
LSMD - Dübendorf
38%
LSME - Emmen
35%
LSZG - Grenchen
35%
LSGY - Yverdon-Les-Bains
32%
LSMM - Meiringen
32%
LSZF - Birrfeld
32%
LSPV - Wangen-Lachen
29%
LSMA - Alpnach
26%
LSPL - Langenthal
26%
LSPO - Olten
26%
LSZS - Samedan
26%
LSGK - Saanen
24%
LSZC - Buochs
24%
LSZE - Bad Ragaz
24%
LSZM - Mollis
24%
LSGB - Bex
21%
LSPU - Münster
21%
LSTZ - Zweisimmen
21%
LSGT - Gruyères
18%
LSPM - Ambri
18%
LSTS - St. Stephan
18%
LSZI - Fricktal-Schupfart
18%
LSZK - Speck-Fehraltdorf
18%
LSZT - Lommis
18%
LSPA - Amlikon
15%
LSPN - Triengen
15%
LSZN - Hausen am Albis
15%
LSZX - Schänis
15%
LSPD - Dittingen
12%
LSPG - Kägiswil
12%
LSTA - Raron
12%
LSZQ - Bressaucourt
12%
LSGC - Les Eplatures
9%
LSGP - La Côte
9%
LSGR - Reichenbach
9%
LSML - Lodrino
9%
LSTB - Bellechasse
9%
LSZJ - Courtelary
9%
LSZU - Buttwil
9%
LSZV - Sitterdorf
9%
LSGE - Ecuvillens
6%
LSPK - Hasenstrick
6%
LSTO - Môtiers
6%
LSTR - Montricher
3%
No matching quizzes found
Score Distribution
Percent of People with Each Score
Percentile by Number Answered
Your Score History
You have not taken this quiz since the last reset